| 000 | 00617nam a22002057a 4500 | ||
|---|---|---|---|
| 005 | 20250728110914.0 | ||
| 010 | _aENG-146167 | ||
| 020 |
_a9789394107403 _c320.00 |
||
| 035 | _aEN-129699 | ||
| 037 | _bDBAD | ||
| 082 |
_a006.3 _21 |
||
| 100 |
_aSarkar, Shyam _983380 |
||
| 245 |
_aArtificial Intelligence For Everyone/ _cShyam Sarkar |
||
| 250 | _a1 | ||
| 260 |
_aKolkata _bBooks & Allied (P) Ltd _c2025 |
||
| 270 |
_a83/1, Dr. S.C. Banerjee Road, Beliaghata _bKolkata _e700010 |
||
| 300 |
_aiv, 315p. _c24cm(pb) |
||
| 500 | _aAn Undergraduate Q & A Guide | ||
| 942 |
_2ddc _cEN _h006.3 _mSAR _e1 |
||
| 999 |
_c212640 _d212640 |
||